|
|
|
|
| LEADER |
00928nam a2200217 a 4500 |
| 001 |
1793108 |
| 008 |
110331s1979 njua b 001 0 eng d |
| 010 |
|
|
|a 78032009
|
| 020 |
|
|
|a 0470266643
|
| 040 |
|
|
|a DLC
|c DLC
|d DLC
|d BD-DhAAL
|
| 082 |
0 |
0 |
|a 155.2/07/24
|2 22
|
| 100 |
1 |
|
|a Crowne, Douglas P.
|
| 245 |
1 |
4 |
|a The experimental study of personality /
|c Douglas P. Crowne.
|
| 260 |
|
|
|a Hillsdale, N.J. :
|b Lawrence Erlbaum Associates ;
|a New York :
|b distributed by the Halsted Press,
|c 1979.
|
| 300 |
|
|
|a xi, 254 p. :
|b ill. ;
|c 24 cm.
|
| 504 |
|
|
|a Includes bibliographical references (231-242 p.) and indexes.
|
| 541 |
|
|
|e 00003368
|
| 650 |
|
0 |
|a Personality
|x Research.
|
| 852 |
4 |
|
|a Ayesha Abed Library
|j General shelf
|
| 999 |
|
|
|c 10622
|d 10622
|
| 952 |
|
|
|0 0
|1 0
|2 ddc
|4 0
|6 155_207240000000000_CRO
|7 0
|9 15961
|a BRACUL
|b BRACUL
|c GEN
|d 2011-03-31
|g 0.00
|l 4
|m 59
|o 155.20724 CRO
|p 3010003368
|r 2022-07-05
|s 2022-05-30
|t 1
|w 2011-03-31
|y BK
|z Not price in Register
|